000 00266nam a2200109 a 4500
005 20140414093828.0
008 970101s19uu xx 00 eng d
050 _aVHS 600
_bR 01
245 _aGeneral safety video training series.
942 _cAVM
999 _c108543
_d108543